000 00283nam a2200121 4500
999 _c11659
_d11659
003 OSt
005 20230711182706.0
008 230711b ||||| |||| 00| 0 eng d
245 _aGreen Homes /efficient healthy smart
260 _bB S Publications
300 _a305;p
942 _2ddc